| 000 | 00882cam a2200241 a 4500 | ||
|---|---|---|---|
| 001 | 000002396 | ||
| 005 | 20200929150207.0 | ||
| 008 | 951120s1995 ck ab 000 0 spa d | ||
| 020 | _a9586122115 | ||
| 040 |
_aDO-SdBNP _cDLC _dDLC |
||
| 082 |
_a325.3 _bT736q |
||
| 100 | 1 |
_aTovar Pinzón, Hermes, _d1941- _97609 |
|
| 245 | 1 | 0 |
_aQue nos tengan en cuenta : _bcolonos, empresarios y aldeas. Colombia 1800-1900 / _cHermes Tovar Pinzón. |
| 260 |
_aSantafé de Bogotá : _bColcultura , _c1995. |
||
| 300 |
_a256 p. : _bil., maps. ; _c21 cm. |
||
| 586 | _aPremios Nacionales de Cultura, 1994 | ||
| 650 | 4 |
_aUso de tierra _xColombia _ySIGLO XIX _97610 |
|
| 650 | 4 |
_aColonización de tierras _zColombia _ySIGLO XIX _97611 |
|
| 651 | 4 |
_aTolima (Colombia{Rpara} _xColonización _ySIGLO XIX-XX _97612 |
|
| 910 | _aCatalogación por copia / LC | ||
| 910 | _aJornada de catalogación | ||
| 910 | _aWM | ||
| 999 |
_c2234 _d2234 |
||